Přehled katalogů a kartoték Krajské knihovny v Kladně /

Hlavní autor: Kádnerová, Jiřina, 1943-
Jazyk: Čeština
Vydáno: Kladno : Krajská knihovna, 1983
Edice: Bibliografie. Malá řada
Fyzický popis: 76 s. ; 20 cm
Knihy
Uloženo v:
LEADER 00857nam a22002652a 4500
001 001105945
003 CZ BrMZK
005 20101126095535.0
007 ta
008 100715s1983 xr er|||||||||||cze d
015 |a cnb000022323 
020 |q (Brož.) 
035 |a (OCoLC)39576875 
040 |a ABA001  |b cze  |d ABA001  |d BOA001 
080 9 |a 02 
100 1 |a Kádnerová, Jiřina,  |d 1943-  |7 jk01052493  |4 aut 
245 1 0 |a Přehled katalogů a kartoték Krajské knihovny v Kladně /  |c zpracovala Jiřina Kádnerová ... [et al.] 
260 |a Kladno :  |b Krajská knihovna,  |c 1983 
300 |a 76 s. ;  |c 20 cm 
490 1 |a Bibliografie. Malá řada ;  |v 92 
830 0 |a Bibliografie.  |p Malá řada 
910 |a BOA001  |b 2-0866.012 
990 |a BK 
991 |b 201007 
996 6 |b 2619368977  |c 2-0866.012  |l MZK  |r Sklad / do 1 hodiny  |n 0  |w 001133016  |u 000010  |a 1  |e BOA001  |j MZK50  |s P